[Event "Hessen-chB"]
[Site "Frankfurt"]
[Date "2019.06.01"]
[Round "5"]
[White "Azizov, Fariz"]
[Black "Will, Steffen"]
[Result "1-0"]
[WhiteElo "1416"]
[BlackElo "1711"]
[PlyCount "73"]
[EventDate "2019.05.30"]
[EventType "swiss"]
[EventRounds "7"]
[EventCountry "GER"]
[SourceTitle "EXT 2020"]
[Source "ChessBase"]
[SourceDate "2019.10.17"]
[SourceVersion "1"]
[SourceVersionDate "2019.10.17"]
[SourceQuality "1"]

1. d4 Nf6 2. c4 d6 3. Nf3 g6 4. Nc3 Bf5 5. Bf4 Bg7 6. e3 Nbd7 7. Bd3 Bg4 8. Be2 0-0 9. 0-0 Nb6 10. b3 Nbd7 11. Rc1 c6 12. h3 Bxf3 13. Bxf3 e5 14. Bh2 Qa5 15. Qc2 a6 16. Rfd1 Rad8 17. Rd2 Rfe8 18. Rcd1 Bf8 19. d5 c5 20. Be2 e4 21. Rf1 Qb6 22. f4 exf3 23. Rxf3 Bh6 24. Kf2 Bg7 25. Bd3 Ne5 26. Bxe5 Rxe5 27. Kg1 Re7 28. Rdf2 Nd7 29. Rf1 Rde8 30. Re1 Qb4 31. Rc1 Rxe3 32. Rxe3 Rxe3 33. Ne4 Bd4 34. Kf1 Ne5 35. Nf2 Rxd3 36. Nxd3 b5 37. Nxb4 1-0

[Event "Hessen-chB"]
[Site "Frankfurt"]
[Date "2018.05.10"]
[Round "1"]
[White "Graef, Jakob Vincent"]
[Black "Will, Steffen"]
[Result "1/2-1/2"]
[WhiteElo "1468"]
[BlackElo "1723"]
[PlyCount "60"]
[EventDate "2018.05.10"]
[EventType "swiss"]
[EventRounds "7"]
[EventCountry "GER"]
[SourceTitle "EXT 2019"]
[Source "ChessBase"]
[SourceDate "2018.10.10"]
[SourceVersion "1"]
[SourceVersionDate "2018.10.10"]
[SourceQuality "1"]

1. e4 c5 2. c3 d6 3. d4 cxd4 4. cxd4 Nc6 5. Nf3 g6 6. Bc4 e6 7. 0-0 Bg7 8. Nc3 Nge7 9. Bf4 0-0 10. Qd2 d5 11. exd5 exd5 12. Bb3 Bg4 13. Ne5 Be6 14. Rfe1 Nf5 15. Nxc6 bxc6 16. Be5 Bh6 17. Bf4 Bg7 18. Be5 Qh4 19. Bxg7 Kxg7 20. Ne2 Nd6 21. Ng3 Nb5 22. Rad1 Rfe8 23. a4 Nd6 24. Qb4 Nc4 25. Bxc4 dxc4 26. Qc3 Bd5 27. f3 f5 28. Re5 Rxe5 29. dxe5 Kg8 30. Qa5 Qd8 1/2-1/2

[Event "Hessen-ch op-B"]
[Site "Floersheim"]
[Date "2016.05.07"]
[Round "6"]
[White "Bjoerknes, Uwe"]
[Black "Will, Steffen"]
[Result "1/2-1/2"]
[WhiteElo "1888"]
[BlackElo "1647"]
[PlyCount "23"]
[EventDate "2016.05.05"]
[EventType "swiss"]
[EventRounds "7"]
[EventCountry "GER"]
[SourceTitle "EXT 2022"]
[Source "ChessBase"]
[SourceDate "2021.10.06"]
[SourceVersion "1"]
[SourceVersionDate "2021.10.06"]
[SourceQuality "1"]

1. e4 c5 2. Nf3 d6 3. c3 Nf6 4. Bb5+ Bd7 5. Bxd7+ Qxd7 6. Qe2 Nc6 7. 0-0 g6 8. d4 cxd4 9. cxd4 Bg7 10. Nc3 0-0 11. d5 Nb4 12. Be3 1/2-1/2

[Event "Hessen-ch op-B"]
[Site "Floersheim"]
[Date "2016.05.07"]
[Round "5"]
[White "Will, Steffen"]
[Black "Schwarz, Matthias"]
[Result "1-0"]
[WhiteElo "1647"]
[BlackElo "1625"]
[PlyCount "59"]
[EventDate "2016.05.05"]
[EventType "swiss"]
[EventRounds "7"]
[EventCountry "GER"]
[SourceTitle "EXT 2022"]
[Source "ChessBase"]
[SourceDate "2021.10.06"]
[SourceVersion "1"]
[SourceVersionDate "2021.10.06"]
[SourceQuality "1"]

1. e4 e5 2. Nf3 Nc6 3. d4 exd4 4. Nxd4 Bc5 5. Be3 Qf6 6. c3 Nge7 7. Be2 b6 8. Nc2 Bxe3 9. Nxe3 Bb7 10. Bf3 Ne5 11. Nd2 Nd3+ 12. Kf1 Nxb2 13. Qc2 Ba6+ 14. Kg1 Nd3 15. e5 Nxe5 16. Bxa8 c6 17. Ne4 Nf3+ 18. gxf3 Qg6+ 19. Ng3 Bd3 20. Qd2 0-0 21. Ng4 f6 22. Rd1 Bc2 23. Re1 h5 24. Ne3 Ba4 25. Ng2 f5 26. Rxe7 f4 27. Nxf4 Qg5 28. Re4 Bb5 29. Qd4 d5 30. Ne6 1-0

[Event "Hessen-ch op-B"]
[Site "Floersheim"]
[Date "2016.05.05"]
[Round "1"]
[White "Will, Steffen"]
[Black "Becker, Ralph"]
[Result "1/2-1/2"]
[WhiteElo "1647"]
[BlackElo "1841"]
[PlyCount "60"]
[EventDate "2016.05.05"]
[EventType "swiss"]
[EventRounds "7"]
[EventCountry "GER"]
[SourceTitle "EXT 2022"]
[Source "ChessBase"]
[SourceDate "2021.10.06"]
[SourceVersion "1"]
[SourceVersionDate "2021.10.06"]
[SourceQuality "1"]

1. e4 c5 2. Nf3 d6 3. d4 cxd4 4. Nxd4 Nf6 5. Nc3 g6 6. f3 Bg7 7. Be3 0-0 8. Qd2 Nc6 9. Be2 d5 10. exd5 Nxd5 11. Nxd5 Qxd5 12. c3 e5 13. Nb3 Be6 14. Qxd5 Bxd5 15. 0-0-0 Bxb3 16. axb3 Rfd8 17. Rxd8+ Rxd8 18. Rd1 b6 19. Rxd8+ Nxd8 20. Bc4 Kf8 21. Kc2 Ke7 22. Bd5 Ne6 23. b4 f6 24. g3 Kd6 25. Bb7 f5 26. Kd3 Bf8 27. b3 h6 28. c4 Kd7 29. Kc3 g5 30. Bd5 Nc7 1/2-1/2

[Event "Eschborn op 10th"]
[Site "Eschborn"]
[Date "2013.08.31"]
[Round "2"]
[White "Budde, Michael"]
[Black "Will, Steffen"]
[Result "1-0"]
[WhiteElo "1732"]
[BlackElo "1491"]
[PlyCount "49"]
[EventDate "2013.08.30"]
[EventType "swiss"]
[EventRounds "5"]
[EventCountry "GER"]
[SourceTitle "EXT 2014"]
[Source "ChessBase"]
[SourceDate "2013.11.20"]
[SourceVersion "1"]
[SourceVersionDate "2013.11.20"]
[SourceQuality "1"]

1. d4 g6 2. Bf4 Bg7 3. e3 d6 4. Nf3 Nf6 5. Nbd2 Nbd7 6. Bd3 0-0 7. c3 c5 8. Ng5 Nh5 9. g4 Nxf4 10. exf4 e5 11. Qf3 cxd4 12. h4 exf4 13. cxd4 Bxd4 14. Qd5 Qe7+ 15. Kf1 Qe5 16. Qg2 Nf6 17. Ndf3 Qc5 18. h5 Bxg4 19. Nxh7 Bxf3 20. Nxf6+ Bxf6 21. Qxf3 Kg7 22. hxg6 fxg6 23. Qxb7+ Rf7 24. Qxa8 Qd4 25. Qh8# 1-0

[Event "Eschborn op 10th"]
[Site "Eschborn"]
[Date "2013.08.30"]
[Round "1"]
[White "Will, Steffen"]
[Black "Feicht, Arno"]
[Result "0-1"]
[WhiteElo "1491"]
[BlackElo "1964"]
[PlyCount "66"]
[EventDate "2013.08.30"]
[EventType "swiss"]
[EventRounds "5"]
[EventCountry "GER"]
[SourceTitle "EXT 2014"]
[Source "ChessBase"]
[SourceDate "2013.11.20"]
[SourceVersion "1"]
[SourceVersionDate "2013.11.20"]
[SourceQuality "1"]

1. e4 e6 2. Nf3 d5 3. exd5 exd5 4. d4 Bd6 5. h3 Bf5 6. Bd3 Qe7+ 7. Be3 Bg6 8. 0-0 Qd7 9. Re1 Ne7 10. Nc3 a6 11. Nh4 Bxd3 12. Qxd3 Nbc6 13. a3 0-0 14. Ne2 Nd8 15. c4 c6 16. c5 Bc7 17. Ng3 Ng6 18. Nf3 Ne6 19. Qf5 Rae8 20. a4 Bxg3 21. fxg3 Nxc5 22. Qxd7 Nxd7 23. a5 Ne7 24. g4 Nf6 25. Ne5 h6 26. g5 Nh5 27. Nd7 Nf5 28. Nxf8 Nxe3 29. gxh6 gxh6 30. Nd7 Re7 31. Rac1 Nf4 32. Rc3 Nfxg2 33. Ne5 Nxe1 0-1

[Event "Hessen-chB"]
[Site "Offenbach"]
[Date "2012.04.07"]
[Round "7"]
[White "Will, Steffen"]
[Black "Naneder, Maximilian"]
[Result "0-1"]
[WhiteElo "1376"]
[BlackElo "1734"]
[PlyCount "39"]
[EventDate "2012.04.05"]
[EventType "swiss"]
[EventRounds "7"]
[EventCountry "GER"]
[SourceTitle "EXT 2013"]
[Source "ChessBase"]
[SourceDate "2012.11.22"]
[SourceVersion "1"]
[SourceVersionDate "2012.11.22"]
[SourceQuality "1"]

1. e4 e6 2. d4 d5 3. exd5 exd5 4. Nf3 Bg4 5. Be2 Bd6 6. Nc3 c6 7. Ne5 Bxe2 8. Qxe2 Ne7 9. 0-0 0-0 10. Qg4 Ng6 11. f4 Kh8 12. Bd2 Qb6 13. f5 Nxe5 14. Qh4 Ned7 15. Rf3 Nf6 16. Bg5 Nbd7 17. Rh3 Rae8 18. Bxf6 Nxf6 19. g4 Qxd4+ 20. Kh1 0-1

[Event "Hessen-chB"]
[Site "Offenbach"]
[Date "2012.04.05"]
[Round "3"]
[White "Will, Steffen"]
[Black "Kaiser, Bernd"]
[Result "1-0"]
[WhiteElo "1376"]
[BlackElo "1558"]
[PlyCount "75"]
[EventDate "2012.04.05"]
[EventType "swiss"]
[EventRounds "7"]
[EventCountry "GER"]
[SourceTitle "EXT 2013"]
[Source "ChessBase"]
[SourceDate "2012.11.22"]
[SourceVersion "1"]
[SourceVersionDate "2012.11.22"]
[SourceQuality "1"]

1. e4 e5 2. Nf3 Nc6 3. d4 d6 4. d5 Nce7 5. Be2 f5 6. Nc3 Nf6 7. Bd3 fxe4 8. Bxe4 Nxe4 9. Nxe4 Bf5 10. Ng3 Bg6 11. Ng5 Qd7 12. Ne6 Bf7 13. Nxf8 Rxf8 14. c4 c6 15. dxc6 Qxc6 16. 0-0 Bxc4 17. Re1 Ng6 18. Bg5 Qb6 19. Qd2 Be6 20. b3 h6 21. Be3 Qc6 22. Rac1 Qd5 23. Qb4 Nf4 24. Bxf4 Rxf4 25. Qa3 Qd2 26. Rf1 Qb4 27. Qb2 Rd4 28. Qc2 Kf8 29. Qh7 Re8 30. Rc7 Rg4 31. Nh5 Rxg2+ 32. Kxg2 Qg4+ 33. Ng3 Rd8 34. Qh8+ Bg8 35. Re1 h5 36. Qxh5 Bd5+ 37. Kg1 Qxh5 38. Nxh5 1-0

[Event "Hessen-ch Gr-E 65th"]
[Site "Gladenbach"]
[Date "2011.04.22"]
[Round "2"]
[White "Will, Steffen"]
[Black "Esche, Frieder"]
[Result "0-1"]
[WhiteElo "1355"]
[BlackElo "1307"]
[PlyCount "116"]
[EventDate "2011.04.22"]
[EventType "swiss"]
[EventRounds "5"]
[EventCountry "GER"]
[SourceTitle "CBM 142 Extra"]
[Source "ChessBase"]
[SourceDate "2011.06.27"]
[SourceVersion "1"]
[SourceVersionDate "2011.06.27"]
[SourceQuality "1"]

1. e4 d6 2. Nf3 Nf6 3. Nc3 g6 4. d4 Bg7 5. h3 Be6 6. Be3 d5 7. Ng5 dxe4 8. Ngxe4 0-0 9. Qd2 Nc6 10. 0-0-0 Nd5 11. Bh6 f5 12. Bxg7 Kxg7 13. Nc5 Qc8 14. Bc4 Bf7 15. Bxd5 Bxd5 16. Nxd5 b6 17. Nb3 e6 18. Qc3 Qb7 19. Nf4 Nd8 20. d5+ Kg8 21. dxe6 Qe4 22. Qf3 Re8 23. Rhe1 Qxf3 24. gxf3 Re7 25. Nd5 Rxe6 26. Nxc7 Rxe1 27. Rxe1 Rc8 28. Nd5 Kg7 29. Re7+ Kh6 30. Rxa7 b5 31. Nf6 Nc6 32. Rb7 Nb4 33. f4 Nd3+ 34. Kd2 Nxf4 35. h4 Rd8+ 36. Ke3 Ng2+ 37. Ke2 Nxh4 38. Rxb5 Rd6 39. Nd5 Re6+ 40. Kf1 Nf3 41. Ne3 Kg5 42. a4 h5 43. c3 h4 44. Nd4 Nxd4 45. cxd4 Re4 46. Rd5 Kf4 47. Kg2 Re6 48. b4 Rf6 49. a5 Ke4 50. Rd8 f4 51. Ng4 Ra6 52. d5 f3+ 53. Kh3 g5 54. d6 Rc6 55. Re8+ Kf4 56. d7 Rc1 57. d8Q Rh1+ 58. Nh2 g4+ 0-1

[Event "Hessen-ch Gr-F 62nd"]
[Site "Hanau"]
[Date "2008.03.21"]
[Round "2"]
[White "Will, Steffen"]
[Black "Engel, Thomas"]
[Result "1-0"]
[WhiteElo "1126"]
[BlackElo "1297"]
[PlyCount "79"]
[EventDate "2008.03.21"]
[EventType "swiss"]
[EventRounds "5"]
[EventCountry "GER"]
[SourceTitle "CBM 123 Extra"]
[Source "ChessBase"]
[SourceDate "2008.05.06"]
[SourceVersion "1"]
[SourceVersionDate "2008.05.06"]
[SourceQuality "1"]

1. c4 c5 2. g3 g6 3. Bg2 Bg7 4. Nc3 Nf6 5. Nf3 Nc6 6. e3 0-0 7. d4 d6 8. 0-0 Bf5 9. Re1 Ne4 10. Nd2 Nxc3 11. bxc3 Qd7 12. e4 Bh3 13. Bh1 cxd4 14. cxd4 Bxd4 15. Rb1 Ne5 16. Nb3 Bb6 17. Qc2 Rac8 18. Nd2 Qe6 19. Rb4 Rc7 20. Bb2 Ng4 21. Re2 d5 22. Nf3 Qxe4 23. Qc3 f6 24. Qd2 Qxe2 25. Qxe2 Bxf2+ 26. Qxf2 Nxf2 27. Kxf2 dxc4 28. Nd4 a6 29. Bxb7 c3 30. Bc1 Rd8 31. Ke3 Kf8 32. Bxa6 e5 33. Nb3 Be6 34. Ba3 c2 35. Rc4+ Ke8 36. Rxc7 Bxb3 37. axb3 Rb8 38. b4 Rb6 39. b5 Rd6 40. Bxd6 1-0